[Event "Ljubljana-chT 74th"]
[Site "Ljubljana"]
[Date "2022.03.03"]
[Round "7.2"]
[White "Janzelj, Lara"]
[Black "Tansek, Branko"]
[Result "1-0"]
[WhiteElo "2157"]
[BlackElo "1520"]
[PlyCount "43"]
[EventDate "2022.01.13"]
[EventType "team-swiss"]
[EventRounds "9"]
[EventCountry "SLO"]
[SourceTitle "EXT 2024"]
[Source "ChessBase"]
[SourceDate "2023.10.10"]
[SourceVersion "1"]
[SourceVersionDate "2023.10.10"]
[SourceQuality "1"]
[WhiteTeam "Ig"]
[BlackTeam "Ljubljana SK"]
[WhiteTeamCountry "SLO"]
[BlackTeamCountry "SLO"]

1. d4 d6 2. Nf3 Nf6 3. c4 g6 4. Nc3 Bg7 5. e4 0-0 6. Be2 c5 7. d5 Nbd7 8. h3 a6 9. 0-0 Re8 10. Be3 Rb8 11. Nd2 Nf8 12. f4 e6 13. a4 exd5 14. cxd5 Nxe4 15. Ncxe4 f5 16. Nxd6 Qxd6 17. Nc4 Qe7 18. d6 Qe6 19. Bf3 Kh8 20. Bd5 Qd7 21. Bxc5 Ne6 22. Ba7 1-0

[Event "Ljubljana-chT 73rd"]
[Site "Ljubljana"]
[Date "2020.02.27"]
[Round "5.2"]
[White "Tansek, Branko"]
[Black "Mihelic, Vesna"]
[Result "0-1"]
[WhiteElo "1534"]
[BlackElo "1887"]
[PlyCount "45"]
[EventDate "2020.01.16"]
[EventType "team-swiss"]
[EventRounds "6"]
[EventCountry "SLO"]
[SourceTitle "EXT 2024"]
[Source "ChessBase"]
[SourceDate "2023.10.10"]
[SourceVersion "1"]
[SourceVersionDate "2023.10.10"]
[SourceQuality "1"]
[WhiteTeam "Ljubljana SK"]
[BlackTeam "Menges Trzin"]
[WhiteTeamCountry "SLO"]
[BlackTeamCountry "SLO"]

1. d4 d5 2. Nd2 Nf6 3. e3 e6 4. Ngf3 Bd6 5. c4 c5 6. dxc5 Bxc5 7. cxd5 Nxd5 8. a3 0-0 9. b4 Be7 10. Bb2 a5 11. b5 Nd7 12. Rc1 Nc5 13. Be2 Bd7 14. 0-0 Rc8 15. a4 Nb6 16. Nb3 Nbxa4 17. Bd4 Nxb3 18. Qxb3 Nc5 19. Qb2 f6 20. Rfd1 Kh8 21. Bc4 Qe8 22. Qd2 Bxb5 23. Bxe6 0-1

[Event "SLO-chT1 Central 19th"]
[Site "Slovenia"]
[Date "2018.10.04"]
[Round "4.2"]
[White "Tansek, Branko"]
[Black "Olenik Campa, Rudi"]
[Result "0-1"]
[WhiteElo "1600"]
[BlackElo "1768"]
[PlyCount "64"]
[EventDate "2018.09.13"]
[EventType "team-tourn"]
[EventRounds "9"]
[EventCountry "SLO"]
[SourceTitle "EXT 2021"]
[Source "ChessBase"]
[SourceDate "2020.10.23"]
[SourceVersion "1"]
[SourceVersionDate "2020.10.23"]
[SourceQuality "1"]
[WhiteTeam "Ljubljana SK"]
[BlackTeam "Domzale Tajfun"]
[WhiteTeamCountry "SLO"]
[BlackTeamCountry "SLO"]

1. d4 e6 2. Nd2 c5 3. e3 Nc6 4. Ngf3 d5 5. a3 Nf6 6. dxc5 Bxc5 7. b4 Bd6 8. Bb2 0-0 9. c4 a6 10. Rc1 Re8 11. cxd5 exd5 12. Be2 Ne5 13. 0-0 Bf5 14. Nxe5 Bxe5 15. Bxe5 Rxe5 16. Nf3 Re8 17. Nd4 Bg6 18. Bf3 Ne4 19. Ne2 Re5 20. Nf4 f5 21. Qd4 Qd6 22. Rfd1 Bf7 23. Nd3 Re7 24. Nf4 Rd8 25. Nd3 g5 26. Nc5 h5 27. h3 Qg6 28. Nxe4 fxe4 29. Be2 g4 30. h4 Rde8 31. g3 Qf5 32. Rd2 Be6 0-1

[Event "Stuttgart-chB int"]
[Site "Gerlingen"]
[Date "2011.06.02"]
[Round "1"]
[White "Tansek, Branko"]
[Black "Hahn, Martin"]
[Result "1-0"]
[WhiteElo "1560"]
[BlackElo "1783"]
[PlyCount "55"]
[EventDate "2011.06.02"]
[EventType "swiss"]
[EventRounds "7"]
[EventCountry "GER"]
[SourceTitle "EXT 2018"]
[Source "ChessBase"]
[SourceDate "2017.10.13"]
[SourceVersion "1"]
[SourceVersionDate "2017.10.13"]
[SourceQuality "1"]

1. d4 Nf6 2. Nd2 d5 3. Ngf3 c6 4. e3 Bf5 5. c4 e6 6. a3 Bd6 7. c5 Bc7 8. b4 Nbd7 9. Qb3 0-0 10. Bd3 Bxd3 11. Qxd3 e5 12. dxe5 Nxe5 13. Qc2 Qe7 14. Bb2 Ng6 15. 0-0 Ne4 16. Rad1 f5 17. Rfe1 Rae8 18. Nd4 Bxh2+ 19. Kf1 Nxf2 20. Kxf2 f4 21. exf4 Qh4+ 22. Kf1 Rxe1+ 23. Rxe1 Bxf4 24. N2f3 Qh1+ 25. Kf2 Qh5 26. Ne6 Bg3+ 27. Kxg3 Qh4+ 28. Nxh4 1-0

[Event "Stuttgart-chB int"]
[Site "Gerlingen"]
[Date "2007.05.19"]
[Round "5"]
[White "Bitzel, Hubert"]
[Black "Tansek, Branko"]
[Result "1/2-1/2"]
[WhiteElo "1569"]
[BlackElo "1636"]
[PlyCount "81"]
[EventDate "2007.05.17"]
[EventType "swiss"]
[EventRounds "7"]
[EventCountry "GER"]
[SourceTitle "EXT 2018"]
[Source "ChessBase"]
[SourceDate "2017.10.13"]
[SourceVersion "1"]
[SourceVersionDate "2017.10.13"]
[SourceQuality "1"]

1. e4 c5 2. f4 Nc6 3. Nf3 d6 4. c3 Nf6 5. d3 g6 6. Be2 Bg7 7. 0-0 Qb6 8. Nbd2 0-0 9. h3 Nh5 10. Kh2 Qc7 11. Ng1 Nxf4 12. Rxf4 Be5 13. Ndf3 Bxf4+ 14. Bxf4 e5 15. Bh6 Re8 16. Qd2 f5 17. Qg5 Qf7 18. Rf1 Qe7 19. Nh4 Qxg5 20. Bxg5 f4 21. g3 fxg3+ 22. Kxg3 Rf8 23. Nhf3 Be6 24. a3 Kg7 25. b4 cxb4 26. cxb4 h6 27. Be3 b6 28. b5 Ne7 29. d4 exd4 30. Bxd4+ Kh7 31. h4 d5 32. e5 Nf5+ 33. Kg2 Nxd4 34. Nxd4 Rxf1 35. Kxf1 Re8 36. Kf2 Bd7 37. Ngf3 Kg7 38. a4 Kf7 39. Ke3 Rc8 40. Kd2 Rc7 41. Bd3 1/2-1/2

[Event "Stuttgart-chB int"]
[Site "Gerlingen"]
[Date "2007.05.18"]
[Round "3"]
[White "Munk, Werner"]
[Black "Tansek, Branko"]
[Result "1-0"]
[WhiteElo "1793"]
[BlackElo "1636"]
[PlyCount "43"]
[EventDate "2007.05.17"]
[EventType "swiss"]
[EventRounds "7"]
[EventCountry "GER"]
[SourceTitle "EXT 2018"]
[Source "ChessBase"]
[SourceDate "2017.10.13"]
[SourceVersion "1"]
[SourceVersionDate "2017.10.13"]
[SourceQuality "1"]

1. Nf3 d6 2. g3 g6 3. Bg2 c5 4. d3 Bg7 5. 0-0 Nc6 6. Nbd2 Nf6 7. e4 0-0 8. c3 e5 9. Re1 Nh5 10. a4 Rb8 11. Nc4 b6 12. Be3 Ne7 13. Qe2 f5 14. exf5 Bxf5 15. Bg5 h6 16. Bxe7 Qxe7 17. Nh4 Kh7 18. Nxf5 Rxf5 19. Be4 Rff8 20. Qxh5 Qf6 21. Qe2 Rbd8 22. Ne3 1-0